Zoznam bánk na území SR (stav k 30.9.1994)

Prehľad činných obchodných bánk a sporiteľní. Zoznam bánk, ktoré nezačali činnosť. Zoznam pobočiek zahraničných bánk. Zoznam pobočiek zahraničných bánk, ktoré nezačali činnosť.

Gespeichert in:
Bibliographische Detailangaben
Format: Buchkapitel
Sprache:Slowakisch
Schlagworte:
Tags: Tag hinzufügen
Keine Tags, Fügen Sie das erste Tag hinzu!

MARC

LEADER 00000naa a2200000 4500
001 r023766
005 20221213113134.0
041 0 |a slo 
044 |a SK 
245 1 0 |a Zoznam bánk na území SR (stav k 30.9.1994) 
520 |a Prehľad činných obchodných bánk a sporiteľní. Zoznam bánk, ktoré nezačali činnosť. Zoznam pobočiek zahraničných bánk. Zoznam pobočiek zahraničných bánk, ktoré nezačali činnosť. 
610 2 0 |a banky 
610 2 0 |a banky obchodné 
610 2 0 |a sporiteľne 
610 2 0 |a Slovensko 
610 2 0 |a 1994